|
|
|
|
| LEADER |
00908nam a2200229 a 4500 |
| 001 |
1113263 |
| 008 |
091102s1989 enka b 000 0 eng d |
| 010 |
|
|
|a \\\93144415
|
| 020 |
|
|
|a 1853390143 (UK)
|
| 020 |
|
|
|a 0942850173 (U.S.)
|
| 040 |
|
|
|a Uk
|c Uk
|d MiEM
|d DNAL
|d DLC
|
| 082 |
0 |
4 |
|a 338.4091724
|2 20
|
| 245 |
0 |
4 |
|a The Barefoot book :
|b economically appropriate services for the rural poor /
|c edited and introduced by Marilyn Carr.
|
| 260 |
|
|
|a London :
|b Intermediate Technology Publications,
|c c1989.
|
| 300 |
|
|
|a 97 p. :
|b ill. ;
|c 23 cm.
|
| 504 |
|
|
|a Bibliography: p. 94-97.
|
| 541 |
1 |
|
|e 00005759
|
| 650 |
|
0 |
|a Rural poor
|x Services for.
|
| 700 |
1 |
|
|a Carr, Marilyn.
|
| 852 |
4 |
|
|a Ayesha Abed Library
|j General shelf
|
| 999 |
|
|
|c 5032
|d 5032
|
| 952 |
|
|
|0 0
|1 0
|2 ddc
|4 0
|6 338_409172400000000_BAR_1989
|7 0
|9 4859
|a BRACUL
|b BRACUL
|c GEN
|d 2009-11-03
|g 1120.00
|l 0
|o 338.4091724 BAR
|p 3010005759
|r 2009-11-03
|t 1
|v 2240.00
|w 2009-11-03
|y BK
|